000 00343nam a22001337a 4500
020 _a0000002423
082 _a332.678 UNI
100 _aUnated national
245 _aGudilines for project evalution
260 _aNew York
_bunited national
_c1972
300 _axvi, 383p.
_bill.:24CM
650 _aGudilines for project evalution
942 _cBK
999 _c15815
_d15815